000 00433nam a2200109Ia 4500
008 170221s9999 xx 000 0 und d
100 _aNabeela Mushtaq
245 _aPARAMOUNT ROLE OF CORPORATE SOCIAL RESPONSIBILITY IN RETAINING EMPLOYEES AND CORPORATE REPUTATION: AN EXTRACT FROM PAKISTAN’S BANKING SECTOR
245 _cNabeela Mushtaq
650 _xBusiness
856 _uhttp://escijournals.net/index.php/JBF/article/view/457/246
999 _c307762
_d307762